00831nam a2200241 a 4500001001000000003000900010005001700019007001000036008002900046020001800075040002200093082002900115100002800144245014400172246002100316260004400337300002700381490001900408500006600427650003600493650003500529700002500564000025374DO-SdBNP20230427100030.0000025374150212b dr 00| 0 spad a9789993456094 aBPMSUbspacBPMSU 4aRD863.44bC712g 20072221 aCollins de Colado, Mary10aGuay, ay ay ay :bLa vez que las mariposas se convirtieron en rosas /cMary Collins de Collado ; ilustración Ramiro Manzano, Nidia Serra.14aGuay, ay ay ay  aSanto Domingo :bEditorial Norma,c2007 a51 p. :bil. ;c19 cm.0 aTorre de papel aIncluye datos biográficos de la autora en la contracubierta 4aCuentos infantiles dominicanos  4aLiteratura infantil dominicana1 aManzano, Ramiroeil.